Индивидуальные ценности и этническая культура (Запись № 13662024)
[ простой вид ]
| 000 -МАРКЕР | |
|---|---|
| контрольное поле | 01585nam0a2200385 4500 |
| 001 - ИДЕНТИФИКАТОР ЗАПИСИ | |
| контрольное поле | RU\NLR\BIBL_A\022288180 |
| 005 - ИДЕНТИФИКАТОР ВЕРСИИ | |
| контрольное поле | 20260420013031.0 |
| 010 ## - МЕЖДУНАРОДНЫЙ СТАНДАРТНЫЙ НОМЕР КНИГИ (ISBN) | |
| Номер (ISBN) | 978-5-00112-417-6 |
| Тираж | 500 |
| 021 ## - НОМЕР ГОСУДАРСТВЕННОЙ РЕГИСТРАЦИИ | |
| Код страны | Российская Федерация |
| Номер | КН-П-24-035456 |
| Номер Листа государственной регистраци | КН-П-24-3569 |
| 035 ## - ДРУГИЕ СИСТЕМНЫЕ НОМЕРА | |
| Идентификатор записи | (NLR Aleph) 022288180 |
| 100 ## - ДАННЫЕ ОБЩЕЙ ОБРАБОТКИ | |
| Данные общей обработки | 20240802d2023 k y0rusy50 ca |
| 101 0# - ЯЗЫК РЕСУРСА | |
| Язык текста, звукозаписи и т.д. | русский |
| 102 ## - СТРАНА ПУБЛИКАЦИИ ИЛИ ПРОИЗВОДСТВА | |
| Страна публикации | Российская Федерация |
| 105 ## - ПОЛЕ КОДИРОВАННЫХ ДАННЫХ: ТЕКСТОВЫЕ МАТЕРИАЛЫ, МОНОГРАФИЧЕСКИЕ | |
| Кодированные данные о монографическом текстовом документе | a|||z|||000yy |
| 181 #0 - ПОЛЕ КОДИРОВАННЫХ ДАННЫХ: ВИД СОДЕРЖАНИЯ | |
| Код вида содержания (ISBD) | i |
| Код характеристики содержания (ISBD) | axxe |
| 182 #0 - ПОЛЕ КОДИРОВАННЫХ ДАННЫХ: ТИП СРЕДСТВА | |
| Код типа средства (ISBD) | n - непосредственное |
| 200 1# - ЗАГЛАВИЕ И СВЕДЕНИЯ ОБ ОТВЕТСТВЕННОСТИ | |
| Основное заглавие | Индивидуальные ценности и этническая культура |
| Первые сведения об ответственности | П. Ш. Магомедов, Г. М. Чанакаев |
| 203 ## - ВИД СОДЕРЖАНИЯ И ТИП СРЕДСТВА | |
| Вид содержания | Текст |
| Дополнительные сведения об издании | визуальный |
| Тип средства | непосредственный |
| 210 ## - ПУБЛИКАЦИЯ, РАСПРОСТРАНЕНИЕ И ДР. | |
| Место издания, распространения и т.д. | Махачкала |
| Имя издателя, распространителя и т. д. | Алеф |
| Дата издания, распространения и т.д. | 2023 |
| 215 ## - ФИЗИЧЕСКАЯ ХАРАКТЕРИСТИКА | |
| Специфическое обозначение материала и объем | 203 с. |
| Другие сведения о физической характеристике | ил. |
| Размеры | 21 |
| 320 ## - ПРИМЕЧАНИЯ О НАЛИЧИИ В ДОКУМЕНТЕ БИБЛИОГРАФИИ / УКАЗАТЕЛЯ | |
| Текст примечания | Библиогр.: с. 191—203 |
| 606 1# - НАИМЕНОВАНИЕ ТЕМЫ КАК ПРЕДМЕТ | |
| Наименование темы | Молодежь |
| Тематический подзаголовок | Этнокультурные процессы |
| Географический подзаголовок | Российская Федерация |
| Системный номер авторитетной/нормативной записи | 2185253 |
| Идентификатор авторитетной/нормативной записи | RU\NLR\AUTH\6601550155 |
| 606 1# - НАИМЕНОВАНИЕ ТЕМЫ КАК ПРЕДМЕТ | |
| Наименование темы | Молодежь |
| Тематический подзаголовок | Ориентации ценностные |
| Системный номер авторитетной/нормативной записи | 1630210 |
| Идентификатор авторитетной/нормативной записи | RU\NLR\AUTH\66720022 |
| 606 1# - НАИМЕНОВАНИЕ ТЕМЫ КАК ПРЕДМЕТ | |
| Наименование темы | Традиционная культура |
| Географический подзаголовок | Российская Федерация |
| Системный номер авторитетной/нормативной записи | 2544322 |
| Идентификатор авторитетной/нормативной записи | RU\NLR\AUTH\661506025 |
| 686 1# - ИНДЕКСЫ ДРУГИХ КЛАССИФИКАЦИЙ | |
| Индекс | С550.67 |
| 686 1# - ИНДЕКСЫ ДРУГИХ КЛАССИФИКАЦИЙ | |
| Индекс | С550.325.1 |
| 686 1# - ИНДЕКСЫ ДРУГИХ КЛАССИФИКАЦИЙ | |
| Индекс | Т52(2) |
| 686 1# - ИНДЕКСЫ ДРУГИХ КЛАССИФИКАЦИЙ | |
| Индекс | Т3(2)0-7 |
| 700 #1 - ИМЯ ЛИЦА - ПЕРВИЧНАЯ ОТВЕТСТВЕННОСТЬ | |
| Начальный элемент ввода | Магомедов |
| Часть имени, кроме начального элемента ввода | П. Ш. |
| Расширение инициалов личного имени | Пахрудин Шабанович |
| 701 #1 - ИМЯ ЛИЦА - АЛЬТЕРНАТИВНАЯ ОТВЕТСТВЕННОСТЬ | |
| Начальный элемент ввода | Чанакаев |
| Часть имени, кроме начального элемента ввода | Г. М. |
| Расширение инициалов личного имени | Герай Магомедзагидович |
| 942 ## - ДОПОЛНИТЕЛЬНЫЕ ЭЛЕМЕНТЫ ЗАПИСИ (АБИС) | |
| Тип экземпляра АБИС | Книга |
| 980 ## - КОЛЛЕКЦИЯ | |
| Название коллекции | Национальная библиография |
Нет доступных экземпляров.